US Cities That End In D - Statistics

General Stats
  • This quiz has been taken 136 times
    114 since last reset
  • The average score is 21 of 132
Answer Stats
Population City % Correct
66,194 Portland, ME
72%
583,776 Portland, OR
72%
389,521 Cleveland, OH
60%
41,285 Cleveland, TN
60%
124,775 Hartford, CT
56%
116,250 Springfield, IL
53%
153,060 Springfield, MA
53%
159,498 Springfield, MO
53%
60,608 Springfield, OH
53%
59,403 Springfield, OR
53%
103,701 Richmond, CA
49%
36,812 Richmond, IN
49%
31,364 Richmond, KY
49%
204,214 Richmond, VA
49%
390,724 Oakland, CA
44%
97,422 Lakeland, FL
35%
76,639 Bend, OR
30%
122,067 Concord, CA
30%
79,066 Concord, NC
30%
42,695 Concord, NH
30%
41,863 Midland, MI
30%
111,147 Midland, TX
30%
152,871 Rockford, IL
30%
226,876 Garland, TX
28%
347,483 Bakersfield, CA
26%
33,051 Holland, MI
26%
140,768 Hollywood, FL
26%
80,048 Lakewood, CA
26%
142,980 Lakewood, CO
26%
52,131 Lakewood, OH
26%
58,163 Lakewood, WA
26%
56,173 Medford, MA
26%
74,907 Medford, OR
26%
52,759 Milford, CT
23%
197,899 Oxnard, CA
23%
101,168 South Bend, IN
21%
122,643 Stamford, CT
21%
81,405 Edmond, OK
19%
48,520 Grand Island, NE
19%
21,348 Oxford, AL
19%
21,371 Oxford, OH
19%
26,215 Redmond, OR
19%
54,144 Redmond, WA
19%
105,321 Fairfield, CA
16%
42,510 Fairfield, OH
16%
49,791 Greenwood, IN
16%
23,222 Greenwood, SC
16%
109,673 Inglewood, CA
16%
66,859 Loveland, CO
16%
95,072 New Bedford, MA
16%
84,094 Westland, MI
16%
55,468 Woodland, CA
16%
21,684 Ashland, KY
14%
20,362 Ashland, OH
14%
20,078 Ashland, OR
14%
46,979 Bedford, TX
14%
105,328 Carlsbad, CA
14%
26,138 Carlsbad, NM
14%
20,602 Greenfield, IN
14%
36,720 Greenfield, WI
14%
39,018 Rock Island, IL
14%
80,830 Hammond, IN
12%
20,019 Hammond, LA
12%
47,821 Mansfield, OH
12%
56,368 Mansfield, TX
12%
91,252 Pearland, TX
12%
37,920 Brookfield, WI
9%
49,379 Enid, OK
9%
144,186 Hayward, CA
9%
53,104 Highland, CA
9%
60,512 Homestead, FL
9%
53,570 Sanford, FL
9%
20,798 Sanford, ME
9%
28,094 Sanford, NC
9%
78,817 Sugar Land, TX
9%
73,732 Upland, CA
9%
60,724 Vineland, NJ
9%
51,481 Brentwood, CA
7%
37,060 Brentwood, TN
7%
27,031 Deland, FL
7%
30,255 Englewood, CO
7%
26,764 Englewood, NJ
7%
35,836 Lynnwood, WA
7%
69,772 Lynwood, CA
7%
38,018 Maplewood, MN
7%
78,958 Merced, CA
7%
20,007 Northfield, MN
7%
23,962 Parkland, FL
7%
44,737 Pittsfield, MA
7%
49,808 Plainfield, NJ
7%
71,739 Southfield, MI
7%
35,183 St. Cloud, FL
7%
65,842 St. Cloud, MN
7%
53,967 Hanford, CA
5%
48,787 Kirkland, WA
5%
27,395 Maywood, CA
5%
38,065 Moorhead, MN
5%
35,228 Richfield, MN
5%
25,002 South Portland, ME
5%
31,078 West Bend, WI
5%
30,068 Westfield, IN
5%
41,094 Westfield, MA
5%
35,517 Wildwood, MO
5%
23,706 Blue Island, IL
2%
55,889 Broomfield, CO
2%
47,484 Chesterfield, MO
2%
48,920 Euclid, OH
2%
25,167 Homewood, AL
2%
26,113 Paragould, AR
2%
24,047 Ridgeland, MS
2%
29,523 Sherwood, AR
2%
25,738 Soledad, CA
2%
48,035 Tigard, OR
2%
25,250 Weatherford, TX
2%
20,808 Arnold, MO
0%
23,025 Bainbridge Island, WA
0%
21,277 Biddeford, ME
0%
30,112 Clearfield, UT
0%
20,859 Cumberland, MD
0%
35,805 Friendswood, TX
0%
30,487 Garfield, NJ
0%
25,703 Hazelwood, MO
0%
28,435 Hilliard, OH
0%
48,707 Kentwood, MI
0%
27,540 Kirkwood, MO
0%
31,867 Leawood, KS
0%
32,718 North Olmstead, OH
0%
22,659 Prichard, AL
0%
53,764 Rosemead, CA
0%
24,431 Trotwood, OH
0%
34,399 West Hollywood, CA
0%
28,391 West Springfield, MA
0%
No matching quizzes found
Score Distribution
Percent of People with Each Score
Percentile by Number Answered
Your Score History
You have not taken this quiz since the last reset